|
|
|
|
| LEADER |
01025nam a22003012a 4500 |
| 001 |
000412331 |
| 003 |
CZ BrMZK |
| 005 |
20070301123517.0 |
| 007 |
ta |
| 008 |
990305s1990 xr f eng d |
| 015 |
|
|
|a cnb000064489
|
| 035 |
|
|
|a (OCoLC)31785234
|
| 040 |
|
|
|a BOA001
|b cze
|
| 041 |
1 |
|
|a eng
|h cze
|
| 080 |
9 |
|
|a 7.031.1
|
| 080 |
9 |
|
|a 903.2
|
| 100 |
1 |
|
|a Jelínek, Jan,
|d 1926-2004
|7 jo200120086905
|4 aut
|
| 245 |
1 |
0 |
|a Art in the mirror of ages :
|b the beginnings of artistic activities /
|c text Jan Jelínek ; ill. V. Postníková, L. Píchová ; phot. M. Tůma
|
| 260 |
|
|
|a Brno :
|b Moravské museum,
|c 1990
|
| 300 |
|
|
|a 64 s.
|
| 500 |
|
|
|a Přeloženo z češtiny
|
| 504 |
|
|
|a Obsahuje bibliografii
|
| 910 |
|
|
|a BOA001
|b 3-0965.893
|
| 964 |
|
|
|a Umění paleolotické - nálezy archeologické - Evropa
|
| 964 |
|
|
|a Nálezy archeologické - umění paleolitické - Evropa
|
| 990 |
|
|
|a BK
|
| 991 |
|
|
|b 200702
|
| 996 |
6 |
|
|b 2619793994
|c 3-0965.893
|l MZK
|r Sklad / do 1 hodiny
|n 11
|w 000412331
|u 000010
|a 1
|e BOA001
|j MZK50
|s P
|